Nombres de bebés en España desde el año 2000 - Estadísticas

Estadísticas generales
  • Esta prueba ha sido intentada 1.082 veces
  • La puntuación promedio es 15 de 20
Estadísticas de respuestas
Respuesta % Correcto
M Maria
97%
P Paula
91%
P Pablo
89%
C Carlos
88%
D Daniel
85%
L Laura
85%
L Lucia
84%
D David
80%
A Ana
77%
S Sara
77%
J Javier
74%
M Marta
72%
S Sergio
71%
A Alejandro
70%
A Álvaro
62%
A Adrián
60%
J Jorge
58%
A Alba
53%
A Andrea
51%
N Nerea
50%
No se encontraron pruebas coincidentes
Distribución de puntuación
Porcentaje de gente con cada puntuación
Porcentaje por número respondido
Historial de tus puntuaciones
No has intentado esta prueba.